| 000 | 00356 a2200109 4500 | ||
|---|---|---|---|
| 020 | _a8185589445 | ||
| 082 | _a333.9104 GHA | ||
| 100 | _aGhosh, N. C. | ||
| 245 |
_aGroundwater Modelling and Management _cN. C. Ghosh, K. D. Sharma |
||
| 260 |
_aNew Delhi : _bCapital Publishing Company, _c2006 |
||
| 300 |
_axi, 594p. : _bill ., ; _c24 cm |
||
| 650 | _aGround water flow -- Mathematical Models | ||
| 999 |
_c311 _d311 |
||